Statistics for Our Flag Means Death

Click here to take the quiz!

General Stats

  • This quiz has been taken 208 times
  • The average score is 6 of 8

Answer Stats

HintAnswer% Correct
KrakenEd Teach/ Blackbeard
99%
DaggerJim
88%
LighthouseStede Bonnet
88%
BlackBlack Pete
86%
Pinkie-ToeIzzy Hands
83%
40 Orange CakeRoach
75%
Bojack HorsemanCalico Jack
50%
So-SoLucious
26%

Score Distribution

Percentile by Number Answered

Percent of People with Each Score

Your Score History

You have not taken this quiz